000 01019nam a2200301 a 4500
001 000021911
005 20200930011512.0
008 100914s1999 sp 000 e spa d
020 _z8420427314
040 _aDO-SdBNP
_bspa
_cBNPHU
082 _a844.34
_bY81u
100 1 _aYourcenar, Marguerite,
_d1903-1987
_913307
240 1 0 _aLe tour de la prison.
_lespañol
245 1 0 _aUna vuelta por mi cárcel /
_cMarguerite Yourcenar ; traducción de Emma Calatayud.
260 _aMadrid :
_bGrupo Santilla,
_c1999.
300 _a199 p. ;
_c18 cm.
490 1 _aAlfaguara bolsillo
_v161
534 _aTítulo original :
_tLe tour de la prison
650 4 _aEnsayos franceses
_92545
650 4 _aLiteratura francesa
_91074
651 4 _aAlaska
_xDescripciones Y Viajes
_945472
651 4 _aEstados Unidos
_xDescripciones Y Viajes
_911048
651 4 _aJapón
_xDescripciones Y Viajes
_941095
700 1 _aCalatayud, Emma,
_etr.
_913358
830 0 _aAlfaguara bolsillo;
_v161
_94125
910 _aWM
049 _aBNGR
999 _c21409
_d21409